000 00704nam a2200193 a 4500
003 BD-DhJNU
005 20250513055615.0
008 250401s2013 ii a b 001 0 eng
040 _aBD-DhJNU
_bENG
_cBD-DhJNU
_dBD-DhJNU
082 0 0 _a304.14 CHR
_223
100 1 _aChattopadhyay, B. C.
245 1 0 _aRural development planning in India :
_ba case study of Monghyr sadar and Jamalpur C.D. blocks, Bihar, 1971-1991 /
_cB. C. Chattopadhyay
260 _aNew Delhi :
_bS. Chand & Company Ltd.,
_c1985.
300 _axii, 499, [various] p. :
_bill. ;
_c23 cm.
504 _aIncludes bibliographical references and index.
650 0 _aRural development
_zIndia
700 1 _aSadiku, Matthew N. O.
942 _cBK
999 _c1688
_d1688